Ed Sheeran's US Top 10 Hits - Statistics

General Stats
  • This quiz has been taken 20 times
  • The average score is 7 of 9
Answer Stats
Hint Answer % Correct
÷ Shape Of You
100%
÷ Perfect
83%
x Thinking Out Loud
83%
= Bad Habits
78%
= Shivers
78%
÷ Castle On The Hill
72%
x Photograph
72%
No.6 Collaborations Project I Don't Care
67%
x Don't
50%
No matching quizzes found
Score Distribution
Percent of People with Each Score
Percentile by Number Answered
Your Score History
You have not taken this quiz